[Event "Vladimir Bato Kontic Memorial 2021"]
[Site "Niksic"]
[Date "2021.04.21"]
[Round "8.3"]
[White "Bogosavljevic, Boban"]
[Black "Krivokapic, Marko"]
[Result "0-1"]
[WhiteElo "2523"]
[BlackElo "2380"]
[Annotator "TA"]
[PlyCount "106"]
[EventDate "2021.04.17"]
[EventType "swiss"]
[EventCountry "MNE"]
[SourceTitle "playchess.com"]
[Source "ChessBase"]
[SourceQuality "1"]

{[%evp 18,106,18,13,27,1,16,10,18,21,23,27,27,18,39,43,34,12,61,0,13,-65,-26,-38,-20,-20,-20,-36,-37,-47,-30,-35,-33,-25,-5,-4,0,0,0,0,6,-21,0,0,0,0,0,-91,-66,-89,0,0,0,0,0,-95,-87,-228,-228,-221,-207,-228,-228,-218,-49,-49,-34,-34,-34,-34,-34,-34,-34,-89,-34,-34,-34,-6522,-6222,-29967,-29967,-29967,-29966,-29966,-29966,-29962,-29963,-12846,-12822,-6835,-6620]} 1. Nf3 d5 2. g3 Nf6 3. Bg2 c5 4. O-O Nc6 5. d4 e6 6. c4 dxc4 7. dxc5 Qxd1 8. Rxd1 Bxc5 9. Nbd2 c3 10. bxc3 Bd7 {E04: Open Catalan: 5 Nf3.} 11. Ng5 Rc8 {[#]} 12. Nge4 $146 ({Predecessor:} 12. Nde4 Nxe4 13. Bxe4 Nd8 14. a4 h6 15. Nf3 Bc6 {½-½ (15) Ruck,R (2569)-Marcelin,C (2503) Istanbul 2003}) 12... Be7 {The position is equal.} 13. Nxf6+ gxf6 14. Nc4 b6 15. Bf4 Nd8 16. Nd6+ Bxd6 17. Rxd6 Bc6 18. e4 (18. Rad1 $14) 18... Ke7 19. Rad1 (19. Rd3 $11) 19... Nb7 20. Rxc6 Rxc6 21. e5 {[#]} Rd8 $1 22. exf6+ Kxf6 23. Re1 Na5 24. Bxc6 Nxc6 $11 {[%mdl 4096] Endgame KRB-KRN} 25. Re4 Rd1+ 26. Kg2 Ra1 27. Rc4 Ne7 28. Ra4 Nd5 29. Bd2 a5 30. h4 {Hoping for c4.} Rd1 31. Rd4 {Bg5+ is the strong threat.} Kg6 32. Rg4+ (32. c4 $11 {remains equal.} Nf6 33. Be3 Rxd4 34. Bxd4) 32... Kf5 $17 33. Rd4 Kg6 ({Black should play} 33... b5 $17 34. a4 bxa4) 34. g4 h5 35. c4 Nf6 36. g5 {[#]} (36. Be3 $11 Rxd4 37. Bxd4) 36... Ne4 $1 37. Be3 (37. Rxe4 $17 {only move.} Rxd2 38. c5) 37... Rxd4 $19 38. Bxd4 {KB-KN} Nd6 39. Bxb6 {Threatens to win with c5.} Nxc4 40. Bd8 {[#]} Kf5 $2 (40... a4 $1 $19 41. Bf6 Kf5) 41. a4 $1 $15 e5 42. f3 Nb2 43. Bxa5 Nxa4 44. Kf2 Nb2 45. Bc7 (45. Ke2 $1 $15) 45... Kf4 (45... Nd1+ $17 46. Kg3 Ne3) 46. Ke2 Nc4 47. Kd3 $2 {[%mdl 8192]} (47. Bd8 $15) 47... Ne3 $19 48. Bxe5+ Kxf3 49. Bc3 Ng2 50. Kd4 Kf4 51. Bd2+ Kf5 52. Kd3 Nxh4 53. Ke2 Kg4 {Weighted Error Value: White=0.43/Black=0.17} 0-1

[Event "Vladimir Bato Kontic Memorial 2021"]
[Site "Niksic"]
[Date "2021.04.21"]
[Round "8.4"]
[White "Basso, Pier Luigi"]
[Black "Djukic, Nikola"]
[Result "1/2-1/2"]
[WhiteElo "2552"]
[BlackElo "2515"]
[Annotator "TA"]
[PlyCount "43"]
[EventDate "2021.04.17"]
[EventType "swiss"]
[EventCountry "MNE"]
[SourceTitle "playchess.com"]
[Source "ChessBase"]
[SourceQuality "1"]

{[%evp 20,25,0,0,0,0,0,6]} 1. d4 Nf6 2. c4 g6 3. Nc3 d5 4. Nf3 Bg7 5. Bf4 O-O 6. Rc1 Be6 7. e3 dxc4 8. Ng5 Bd5 9. e4 h6 10. exd5 hxg5 11. Bxg5 {The position is equal.} Nxd5 {D92: Grünfeld: 4 Nf3 Bg7 5 Bf4.} 12. Bxc4 Nb6 13. Bb3 {[#] A rather calm draw. Not enough moves} {Predecessor:} Qxd4 $146 14. Qxd4 Bxd4 15. Nb5 Bxb2 16. Rc2 Be5 17. Nxc7 Bxc7 18. Rxc7 Nc6 19. Rxb7 Rab8 20. Rxb8 Rxb8 21. O-O Nd4 22. Bxe7 {½-½ (22) Moranda,W (2605)-Vachier Lagrave,M (2767) chess.com INT 2020} 1/2-1/2

[Event "Vladimir Bato Kontic Memorial 2021"]
[Site "Niksic"]
[Date "2021.04.21"]
[Round "8.5"]
[White "Kisic, Bozidar"]
[Black "Osmak, Iulija"]
[Result "0-1"]
[WhiteElo "2263"]
[BlackElo "2428"]
[Annotator "ChessBase"]
[PlyCount "94"]
[EventDate "2021.04.17"]
[EventType "swiss"]
[EventCountry "MNE"]
[SourceTitle "playchess.com"]
[Source "ChessBase"]
[SourceQuality "1"]
[TimeControl "40/5400+30:1800+30"]

1. d4 {[%emt 0:00:03]} e6 {[%emt 0:00:00]} 2. Bf4 {[%emt 0:02:59]} d5 {[%emt 0:02:09]} 3. Nc3 {[%emt 0:01:39]} a6 {[%emt 0:03:10]} 4. e4 {[%emt 0:04:15]} Nf6 {[%emt 0:01:26]} 5. Bd3 {[%emt 0:04:04]} Nc6 {[%emt 0:06:56]} 6. Nf3 {[%emt 0:05:23]} Nb4 {[%emt 0:03:44]} 7. O-O {[%emt 0:04:19]} Be7 {[%emt 0:04:50]} 8. a3 {[%emt 0:10:07]} Nxd3 {[%emt 0:00:21]} 9. Qxd3 {[%emt 0:01:19]} Bd7 {[%emt 0:08:44]} 10. Ne5 {[%emt 0:12:08]} O-O {[%emt 0:02:07]} 11. Nxd7 {[%emt 0:05:01]} Qxd7 {[%emt 0:00:09]} 12. exd5 {[%emt 0:01:01]} exd5 {[%emt 0:03:55]} 13. Rfe1 {[%emt 0:01:09]} Rae8 {[%emt 0:04:08]} 14. h3 {[%emt 0:03:18]} Bd8 {[%emt 0:06:09]} 15. Be5 {[%emt 0:01:31]} Re6 {[%emt 0:02:12]} 16. Re2 {[%emt 0:02:52]} Rfe8 {[%emt 0:03:07]} 17. Rae1 {[%emt 0:00:52]} Qc6 {[%emt 0:03:41]} 18. Bxf6 {[%emt 0:09:20]} Bxf6 {[%emt 0:01:32]} 19. Rxe6 {[%emt 0:02:41]} Rxe6 {[%emt 0:00:46]} 20. Rxe6 {[%emt 0:00:39]} Qxe6 {[%emt 0:00:54]} 21. Ne2 {[%emt 0:01:45]} g6 {[%emt 0:03:21]} 22. c3 {[%emt 0:01:21]} c6 {[%emt 0:01:21]} 23. Kf1 {[%emt 0:01:10]} Bg5 {[%emt 0:01:23]} 24. f4 {[%emt 0:06:07]} Bh4 {[%emt 0:02:52]} 25. Kg1 {[%emt 0:01:26]} f5 {[%emt 0:03:39]} 26. g3 {[%emt 0:01:18]} Be7 {[%emt 0:00:26]} 27. Kf2 {[%emt 0:02:00]} Qe4 {[%emt 0:00:49]} 28. Qxe4 {[%emt 0:00:42]} dxe4 {[%emt 0:09:50]} 29. Ke3 {[%emt 0:02:41]} Kf7 {[%emt 0:01:55]} 30. Nc1 {[%emt 0:01:25]} Ke6 {[%emt 0:02:10]} 31. Nb3 {[%emt 0:04:37]} b5 {[%emt 0:02:58]} 32. Nd2 {[%emt 0:02:21]} Kd5 {[%emt 0:02:21]} 33. Nb3 {[%emt 0:02:38]} Bd6 {[%emt 0:03:12]} 34. Ke2 {[%emt 0:00:57]} h6 {[%emt 0:05:10]} 35. h4 {[%emt 0:01:05]} Bc7 {[%emt 0:01:56]} 36. Nd2 {[%emt 0:00:28]} Bb6 {[%emt 0:02:14]} 37. Nf1 {[%emt 0:00:23]} c5 {[%emt 0:00:19]} 38. Ne3+ {[%emt 0:00:28]} Kd6 {[%emt 0:00:34]} 39. h5 {[%emt 0:01:01]} cxd4 {[%emt 0:01:06]} 40. cxd4 {[%emt 0:00:00]} Bxd4 {[%emt 0:00:00]} 41. hxg6 {[%emt 0:16:09]} Ke6 {[%emt 0:16:54]} 42. g4 {[%emt 0:07:15]} fxg4 {[%emt 0:01:12]} 43. Nxg4 {[%emt 0:07:07]} h5 {[%emt 0:04:26]} 44. Ne3 {[%emt 0:00:52]} h4 {[%emt 0:01:08]} 45. Nf1 {[%emt 0:01:50]} Kf5 {[%emt 0:01:22]} 46. Ne3+ {[%emt 0:00:39]} Kxg6 {[%emt 0:00:41]} 47. Nd5 {[%emt 0:00:18]} h3 {[%emt 0:00:54]} 0-1

[Event "Vladimir Bato Kontic Memorial 2021"]
[Site "Niksic"]
[Date "2021.04.21"]
[Round "8.6"]
[White "Injac, Teodora"]
[Black "Dardha, Daniel"]
[Result "1/2-1/2"]
[WhiteElo "2340"]
[BlackElo "2516"]
[Annotator "TA"]
[PlyCount "27"]
[EventDate "2021.04.17"]
[EventType "swiss"]
[EventCountry "MNE"]
[SourceTitle "playchess.com"]
[Source "ChessBase"]
[SourceQuality "1"]

{[%evp 9,14,13,41,25,21,30,14]} 1. d4 g6 2. Nf3 Bg7 3. c4 e6 4. e4 Ne7 5. Nc3 d5 6. cxd5 {B06: Modern Defence.} exd5 7. e5 Nbc6 {[#] Not much happened in this game. Not enough moves} {Predecessor:} 8. h3 $146 O-O 9. Bg5 h6 10. Bxe7 Nxe7 11. Bd3 f6 12. exf6 Rxf6 13. O-O c6 14. Qe2 {0-1 (33) Sirosh,I (2390)-Afanasiev,N (2498) Moscow 2020} 1/2-1/2

[Event "Vladimir Bato Kontic Memorial 2021"]
[Site "Niksic"]
[Date "2021.04.21"]
[Round "8.7"]
[White "Sahin, Ozgun"]
[Black "Kalezic, Blazo"]
[Result "0-1"]
[WhiteElo "2281"]
[BlackElo "2456"]
[Annotator "TA"]
[PlyCount "56"]
[EventDate "2021.04.17"]
[EventType "swiss"]
[EventCountry "MNE"]
[SourceTitle "playchess.com"]
[Source "ChessBase"]
[SourceQuality "1"]

{[%evp 15,56,8,28,8,16,-59,-50,-32,-45,-46,-46,-83,-91,-127,-115,-175,-165,-293,-281,-279,-273,-294,-300,-337,-329,-359,-362,-365,-345,-523,-495,-693,-704,-856,-854,-854,-839,-813,-728,-812,-797,-845,-808]} 1. e4 e6 2. d4 d5 3. Nd2 Nc6 4. Ngf3 Nf6 5. e5 Nd7 6. c3 f6 7. exf6 Qxf6 8. Bd3 Bd6 9. O-O {C04: French Tarrasch: 3...Nc6.} O-O 10. c4 (10. Bb1 $11) 10... Nxd4 $15 11. Nxd4 {Black is slightly better.} Qxd4 12. Nf3 Qf6 13. Ng5 g6 $40 {[%mdl 128] [#] Black wants a kill.} 14. Qg4 $146 ({Predecessor:} 14. f4 Qd4+ 15. Kh1 dxc4 16. Bxg6 Qxd1 17. Bxh7+ Kg7 18. Rxd1 Nf6 19. Bc2 e5 20. fxe5 Bxe5 {0-1 (40) Karlsson,T-Teitsson,M (2220) Reykjavik 2013}) 14... Ne5 15. Qh4 (15. Qh3 $17 Qg7 16. f4 Bc5+ 17. Kh1 Nxc4 18. Bxc4 dxc4 19. Bd2) 15... Qg7 $19 16. Bc2 (16. Be2 $142) 16... h6 ({Much less strong is} 16... Nxc4 17. Nf3 $19) 17. Nh3 g5 (17... dxc4 18. Bxh6 Qh8 19. Ng5 $11) 18. Qh5 Bd7 19. f4 Nxc4 20. Rf3 e5 ({Not} 20... Nxb2 21. Nxg5 Be8 22. Qh3 $17) 21. fxg5 Rxf3 22. Qxf3 (22. gxf3 {only move.} e4 23. fxe4) 22... e4 {Black is clearly winning.} 23. Qh5 Rf8 24. Bf4 Bxf4 25. Nxf4 Rxf4 26. gxh6 Qe5 27. Qg6+ Kh8 {[#] Threatens to win with ...Rg4.} 28. h3 Be8 {White got outplayed after the opening.  Weighted Error Value: White=0.68/Black=0.04} 0-1

[Event "Vladimir Bato Kontic Memorial 2021"]
[Site "Niksic"]
[Date "2021.04.21"]
[Round "8.8"]
[White "Nikcevic, Nebojsa"]
[Black "Nikac, Predrag"]
[Result "0-1"]
[WhiteElo "2393"]
[BlackElo "2318"]
[Annotator "TA"]
[PlyCount "142"]
[EventDate "2021.04.17"]
[EventType "swiss"]
[EventCountry "MNE"]
[SourceTitle "playchess.com"]
[Source "ChessBase"]
[SourceQuality "1"]

{[%evp 9,142,11,23,9,0,-20,-20,-7,-18,-8,10,-71,-64,-137,-110,-129,43,46,35,49,33,59,18,-52,-32,-26,0,-25,40,0,42,38,34,42,85,70,84,92,92,31,60,38,96,106,105,94,179,185,246,233,323,290,336,115,104,101,103,114,98,57,61,64,55,29,112,27,14,21,12,0,48,0,0,0,0,0,0,0,0,0,0,0,0,0,0,0,0,-95,0,-117,-119,-93,0,0,0,-328,-100,-95,-91,-506,-99,-92,-87,-100,-100,-100,-100,-498,-389,-156,-92,-93,-85,-100,-95,-652,-110,-29976,-29977,-29976,-29977,-29982,-29983,-29981,-29984,-29984,-29985,-29985,-29986,-29986,-29987,-29991,-29992,-29993,-29994]} 1. Nf3 f5 2. d3 d6 3. e4 Nc6 4. Nh4 {[#]} g6 $146 ({Predecessor:} 4... Nf6 5. Nxf5 Bxf5 6. exf5 Qd7 7. g4 O-O-O 8. g5 Nd5 9. Bh3 Nd4 10. c3 Nc6 {½-½ (57) Nikcevic,N (2451)-Nikac,P (2302) Bijelo Polje 2016}) 5. exf5 e6 6. g3 {A04: Unusual lines after 1 Nf3 and King's Indian Attack.} exf5 7. d4 Qe7+ 8. Be2 {The position is equal.} Bg7 9. c3 f4 {[%mdl 64] Decoy} 10. Bxf4 (10. O-O $11) 10... g5 $17 11. O-O gxf4 (11... gxh4 12. Bh5+ Kf8 13. Re1 $16) 12. Re1 Kf8 $2 (12... Qg5 $17 13. Ng2 Nge7 14. Bh5+ Kd8 15. Nxf4 Rf8) 13. Bh5 $1 $14 Qd8 14. Re8+ Qxe8 15. Bxe8 Kxe8 16. d5 (16. Qh5+ $11 Kf8 17. Nd2) 16... Ne5 17. Qa4+ Bd7 18. Qxf4 Ne7 (18... Nf6 $11) 19. Qe4 {[%mdl 1024] White has compensation.} (19. Nd2 {is interesting.} Kd8 20. Qe4 a5 21. f4 N5g6 22. Nhf3) 19... Bf6 20. Nd2 N5g6 21. Nhf3 Kf7 22. Qc4 Rac8 23. Ne4 b5 24. Nfg5+ (24. Qd3 $16) 24... Kg7 25. Qb3 Rhf8 (25... Bxg5 $14 26. Nxg5 Rhe8) 26. Ne6+ $16 Bxe6 27. dxe6 d5 (27... Rb8 $16 {was worth a try.}) 28. Nc5 $1 $18 Ne5 (28... Rfd8 {might work better.} 29. Nd7 (29. Qxb5 d4 $16) 29... d4) 29. Qxb5 d4 30. Rd1 (30. cxd4 Nf3+ 31. Kg2 Bxd4 $18) 30... Rfd8 31. Nd7 $2 (31. cxd4 Nf3+ 32. Kg2 Nxd4 $18) (31. f4 $18 dxc3 32. Rxd8 Nf3+ 33. Kg2 Rxd8 34. bxc3) 31... Nxd7 $16 32. exd7 Rb8 33. Qe2 Ng6 34. cxd4 (34. h4 {seems wilder.} Nf8 35. g4 Rxd7 36. g5 Be7 37. Rxd4 Bd6 38. Re4) 34... Rxd7 35. b3 Bxd4 36. Kg2 Rf8 (36... c5 $11 {keeps the balance.}) 37. Rf1 (37. Qg4 $1 $16 {[%cal Rg4d7]} Rfd8 38. h4) 37... c5 $11 38. f4 Re7 39. Qc4 a5 40. Rd1 Rfe8 41. Rd2 h5 42. Qa6 Re1 43. Kh3 R8e3 {aiming for ...Nxf4+.} 44. Qd6 Re6 45. Qd5 h4 46. Rxd4 cxd4 47. Qxd4+ Rf6 $1 48. f5 ({Not} 48. gxh4 $2 Nxf4+ 49. Kg4 Ne2 $19) (48. Qd2 $11 Ree6 49. Qxa5) 48... hxg3 ({Black should play} 48... Ne5 $17 49. Qf4 Nf7) 49. hxg3 (49. fxg6 $11 {was the only way to keep the balance.} gxh2 50. Qd7+ (50. Kxh2 Re2+ 51. Kg3 Rxa2 $11) 50... Kxg6 51. Qd3+ Kf7 52. Kxh2) 49... Ne5 $17 {...Rh1+ is the strong threat.} 50. g4 Rh6+ ({Black should try} 50... Rf7 $17 51. Qf4 Kh8) 51. Kg3 $11 Rhh1 {And now ...Rhg1+ would win.} 52. Kf4 $2 {[%mdl 8192]} (52. Qa7+ $11 {and White is okay.} Nf7 53. Qxa5) 52... Rhg1 $2 (52... Rhf1+ $1 $19 {has better winning chances.} 53. Kg3 (53. Kg5 $2 Re4 $19) 53... Rg1+ 54. Kf2 Kh7) 53. Qa7+ $17 Nf7 $1 {White must now prevent ...Ref1+.} 54. Qxa5 $2 {[%mdl 8192]} (54. Kf3 $17 {is more resistant.}) 54... Ref1+ $2 (54... Rgf1+ $1 $19 {and Black stays clearly on top.} 55. Kg3 Re3+ 56. Kg2 Rf4) 55. Ke3 Rxg4 56. Qc3+ Kh7 {Strongly threatening ...Rg3+.} 57. Qf6 Nh6 58. Qe7+ $2 {[%mdl 8192]} (58. Kd2 $17) 58... Rg7 $19 59. Qh4 {[#]} (59. Qa3 $19) 59... Rxf5 (59... Rd7 $142 $1 60. a4 Rxf5) 60. Kd3 $17 Rg2 {Threatens to win with ...Rf3+.} 61. Qe7+ Kg6 {Hoping for ...Rf3+.} 62. a4 $2 {[%mdl 8192]} (62. Qe8+ $17 Kg5 63. Qa8 Rg3+ 64. Kc4) 62... Rg3+ $2 (62... Rf3+ $19 63. Kc4 Rg4+ 64. Kc5 Rc3+ 65. Kb5 Rxb3+ 66. Kc5 Rf3) 63. Kc4 $2 {[%mdl 8192] [#]} (63. Ke2 $17 Rg2+ 64. Ke1) 63... Rf4+ $1 {Black mates.} 64. Kc5 Rg5+ 65. Kb6 Rf6+ 66. Qxf6+ Kxf6 67. a5 Nf7 68. a6 Nd6 69. Kc6 Nb5 70. b4 Ke6 71. Kb6 Kd7 {Quite a comeback for Black.  Weighted Error Value: White=0.55/Black=0.44} 0-1

[Event "Vladimir Bato Kontic Memorial 2021"]
[Site "Niksic"]
[Date "2021.04.21"]
[Round "8.9"]
[White "Miletic, Vuk"]
[Black "Runic, Zoran"]
[Result "1/2-1/2"]
[WhiteElo "2254"]
[BlackElo "2378"]
[Annotator "ChessBase"]
[PlyCount "91"]
[EventDate "2021.04.17"]
[EventType "swiss"]
[EventCountry "MNE"]
[SourceTitle "playchess.com"]
[Source "ChessBase"]
[SourceQuality "1"]
[TimeControl "40/5400+30:1800+30"]

1. d4 {[%emt 0:00:00]} Nf6 {[%emt 0:00:00]} 2. c4 {[%emt 0:00:00]} g6 {[%emt 0:00:00]} 3. Nc3 {[%emt 0:00:00]} d5 {[%emt 0:00:18]} 4. cxd5 {[%emt 0:00:11]} Nxd5 {[%emt 0:00:07]} 5. e4 {[%emt 0:00:02]} Nxc3 {[%emt 0:00:18]} 6. bxc3 {[%emt 0:00:04]} Bg7 {[%emt 0:00:23]} 7. Be3 {[%emt 0:00:50]} c5 {[%emt 0:01:53]} 8. Nf3 {[%emt 0:07:55]} O-O {[%emt 0:04:47]} 9. Qd2 {[%emt 0:01:38]} cxd4 {[%emt 0:00:21]} 10. cxd4 {[%emt 0:00:23]} Bg4 {[%emt 0:03:20]} 11. Be2 {[%emt 0:14:52]} Nc6 {[%emt 0:06:03]} 12. Rd1 {[%emt 0:02:34]} Na5 {[%emt 0:02:01]} 13. Bh6 {[%emt 0:08:19]} Bxf3 {[%emt 0:00:37]} 14. gxf3 {[%emt 0:00:21]} e6 {[%emt 0:04:42]} 15. h4 {[%emt 0:06:22]} Bxh6 {[%emt 0:01:05]} 16. Qxh6 {[%emt 0:00:05]} Qf6 {[%emt 0:00:05]} 17. h5 {[%emt 0:17:42]} Rfd8 {[%emt 0:00:31]} 18. hxg6 {[%emt 0:01:23]} hxg6 {[%emt 0:00:08]} 19. e5 {[%emt 0:13:26]} Qg7 {[%emt 0:00:07]} 20. Qe3 {[%emt 0:06:13]} Nc6 {[%emt 0:00:39]} 21. f4 {[%emt 0:04:36]} Rac8 {[%emt 0:01:46]} 22. Bf3 {[%emt 0:01:55]} Nb4 {[%emt 0:00:38]} 23. O-O {[%emt 0:00:23]} Nc2 {[%emt 0:02:14]} 24. Qe4 {[%emt 0:00:48]} b5 {[%emt 0:06:28]} 25. d5 {[%emt 0:02:27]} g5 {[%emt 0:06:38]} 26. dxe6 {[%emt 0:03:17]} gxf4+ {[%emt 0:01:03]} 27. Bg2 {[%emt 0:00:18]} fxe6 {[%emt 0:00:50]} 28. Qxf4 {[%emt 0:01:06]} Rf8 {[%emt 0:00:14]} 29. Qg3 {[%emt 0:01:49]} Rc4 {[%emt 0:05:15]} 30. Rd7 {[%emt 0:01:39]} Qxg3 {[%emt 0:01:44]} 31. fxg3 {[%emt 0:00:01]} Ra4 {[%emt 0:00:10]} 32. Rf6 {[%emt 0:02:22]} Rxf6 {[%emt 0:05:19]} 33. exf6 {[%emt 0:00:01]} Nd4 {[%emt 0:01:09]} 34. Bf1 {[%emt 0:02:27]} a6 {[%emt 0:00:33]} 35. Bd3 {[%emt 0:00:56]} Nf3+ {[%emt 0:00:22]} 36. Kf2 {[%emt 0:00:24]} Ne5 {[%emt 0:00:04]} 37. Rg7+ {[%emt 0:00:45]} Kf8 {[%emt 0:00:06]} 38. Be2 {[%emt 0:00:31]} Rxa2 {[%emt 0:14:16]} 39. g4 {[%emt 0:00:41]} Rd2 {[%emt 0:07:17]} 40. g5 {[%emt 0:00:00]} Rd7 {[%emt 0:00:00]} 41. Rxd7 {[%emt 0:15:34]} Nxd7 {[%emt 0:15:47]} 42. Ke3 {[%emt 0:08:02]} Nxf6 {[%emt 0:01:14]} 43. gxf6 {[%emt 0:00:01]} Kf7 {[%emt 0:00:07]} 44. Kd4 {[%emt 0:00:05]} Kxf6 {[%emt 0:00:06]} 45. Kc5 {[%emt 0:05:17]} Kf5 {[%emt 0:01:45]} 46. Bf3 {[%emt 0:00:37]} 1/2-1/2

[Event "Vladimir Bato Kontic Memorial 2021"]
[Site "Niksic"]
[Date "2021.04.21"]
[Round "8.10"]
[White "Plenca, Jadranko"]
[Black "Tomic, Aleksandar"]
[Result "*"]
[WhiteElo "2472"]
[BlackElo "2377"]
[Annotator "TA"]
[PlyCount "148"]
[EventDate "2021.04.17"]
[EventType "swiss"]
[EventCountry "MNE"]
[SourceTitle "playchess.com"]
[Source "ChessBase"]
[SourceQuality "1"]

{[%evp 17,148,15,19,16,8,0,9,14,5,2,12,10,10,0,10,10,10,3,9,1,1,2,2,2,10,5,4,0,19,0,7,8,18,18,10,0,0,0,0,0,0,0,0,0,0,0,0,0,0,0,0,0,9,9,9,9,9,9,9,9,89,85,85,85,89,89,89,89,89,89,1176,89,89,89,89,89,89,89,89,89,380,388,388,388,381,333,333,271,212,251,206,96,121,96,469,461,468,461,460,460,410,389,498,487,447,439,382,106,108,116,105,0,96,8,8,0,0,0,0,0,0,0,0,0,0,-8,0,0,0,0,0,0,0]} 1. Nf3 Nf6 2. c4 e6 3. g3 d5 4. Bg2 Be7 5. O-O O-O 6. b3 b6 7. cxd5 Nxd5 8. Bb2 Bb7 9. d4 Nd7 10. Nbd2 {A14: English Opening: 1...e6 with b3 by White.} c5 11. a3 {has lost popularity (11.Rc1).} Rc8 12. Rc1 cxd4 {And now ...Nc3 would win.} 13. Nxd4 Rxc1 14. Qxc1 Qa8 15. Qa1 N5f6 16. Bxb7 Qxb7 17. Rc1 Rc8 {[#]} 18. Rxc8+ $146 ({Predecessor:} 18. Nc4 Nc5 19. Qb1 Nce4 20. f3 Nd6 21. Ne5 Nde8 22. Nec6 Bc5 23. b4 Rxc6 24. bxc5 Rxc5 {½-½ (41) Luft,U (2075)-Stolz,D (1754) Germany 2005}) 18... Qxc8 19. Qc1 Qxc1+ 20. Bxc1 a6 21. Nc6 Kf8 22. Bb2 Ke8 23. f3 Bd6 24. e4 Nb8 25. Nxb8 Bxb8 26. Bxf6 gxf6 $11 {[%mdl 4096] Endgame KB-KN} 27. Kf2 Kd7 28. Ke3 Bd6 29. a4 Kc6 30. Kd3 b5 31. axb5+ axb5 32. f4 Bc7 33. b4 Bd6 34. Kc3 Bb8 35. Nf3 Bd6 36. Nd4+ Kb6 37. Kb3 Bc7 38. f5 e5 (38... exf5 $11 39. Nxf5 Kc6) 39. Nc2 Kc6 40. Ne3 Bd8 41. Nd5 Kd7 42. Kc2 Be7 43. Kd3 Ke8 $2 {[%mdl 8192]} (43... Bd8 $16) 44. Ke2 $2 (44. Nxe7 $18 Kxe7 45. Ke2) 44... Kf8 45. Kf3 Bd8 46. Kg4 Kg7 47. Kh5 h6 48. Kg4 Kf8 $2 {[%mdl 8192]} (48... Kh7 $16 {was necessary.}) 49. Kf3 $18 Ke8 {Black hopes to continue with ...Kf8.} 50. Ke2 Be7 51. Kd3 Kd7 52. Kc3 Kd6 53. Ne3 $1 Bf8 {[#]} 54. Ng4 $1 Bg7 55. Kd3 Kc6 $2 {[%mdl 8192]} (55... Kd7 $16 {is a better chance.}) 56. Ne3 Bf8 57. Nd5 Bg7 58. Ke2 Kd7 59. Kf3 Bh8 60. Kg4 Bg7 61. Kh5 Kd6 {[#]} 62. h4 $2 (62. Nc3 $1 $18 {is the precise move to win.}) 62... Kd7 $16 63. Ne3 Bf8 64. Nd5 (64. Ng4 {feels hotter.} Kc6 65. Nxh6 Bxb4 66. Nxf7 Bf8 67. Nd8+) 64... Bg7 $1 65. g4 (65. Nc3 $16 Kc6 66. Nd5) 65... Kd6 $11 {The position is equal.} 66. g5 hxg5 67. hxg5 fxg5 68. Kxg5 Kd7 69. f6 (69. Nf6+ {with more complications.} Ke7 70. Ng4 Ke8 71. Nf2 Ke7 72. Kh5) 69... Bf8 70. Kf5 Bd6 71. Nc3 Kc6 72. Nd5 Kd7 73. Kg5 Bf8 74. Kf5 Bd6 {White really could win this.  Weighted Error Value: White=0.19/Black=0.31} *

[Event "Vladimir Bato Kontic Memorial 2021"]
[Site "Niksic"]
[Date "2021.04.21"]
[Round "8.11"]
[White "Sukovic, Andrej"]
[Black "Potpara, Nikola"]
[Result "1-0"]
[WhiteElo "2283"]
[BlackElo "2370"]
[Annotator "ChessBase"]
[PlyCount "85"]
[EventDate "2021.04.17"]
[EventType "swiss"]
[EventCountry "MNE"]
[SourceTitle "playchess.com"]
[Source "ChessBase"]
[SourceQuality "1"]
[TimeControl "40/5400+30:1800+30"]

1. e4 c5 2. Nf3 d6 3. d4 cxd4 4. Nxd4 Nf6 5. Nc3 Nc6 6. Bc4 e6 7. Bb3 a6 8. Be3 Qc7 9. Qe2 Na5 10. g4 h6 11. f4 Nxb3 12. axb3 Nd7 13. h4 Rb8 14. O-O-O h5 15. gxh5 Nf6 16. h6 gxh6 17. Rhf1 Be7 18. e5 dxe5 19. fxe5 Qxe5 20. Bf4 Qxe2 21. Ndxe2 Nd7 22. Rxd7 Bxd7 23. Bxb8 Bxh4 24. Ne4 f5 25. Be5 Rg8 26. Nd6+ Ke7 27. Nxb7 Rg4 28. Nc5 Bb5 29. Kd1 Bf6 30. Bxf6+ Kxf6 31. c4 Bc6 32. Nxa6 h5 33. Nf4 h4 34. Nc7 Bg2 35. Nxg2 Rxg2 36. Rh1 Rxb2 37. Rxh4 Rxb3 38. Rh6+ Ke5 39. Kc2 Rb6 40. Nb5 Ke4 41. Kc3 f4 42. Nd4 f3 43. Rh4+ 1-0

[Event "Vladimir Bato Kontic Memorial 2021"]
[Site "Niksic"]
[Date "2021.04.22"]
[Round "9.1"]
[White "Krivokapic, Marko"]
[Black "Suleymanli, Aydin"]
[Result "1/2-1/2"]
[WhiteElo "2380"]
[BlackElo "2520"]
[Annotator "TA"]
[PlyCount "32"]
[EventDate "2021.04.17"]
[EventType "swiss"]
[EventCountry "MNE"]
[SourceTitle "playchess.com"]
[Source "ChessBase"]
[SourceQuality "1"]

{[%evp 11,19,18,22,0,-5,0,0,-12,19,21]} 1. e4 c6 2. d4 d5 3. f3 dxe4 4. fxe4 e5 5. Nf3 Bg4 6. Bc4 Nd7 {The position is equal.} 7. O-O {[#] Threatens to win with Bxf7+! B12: Caro-Kann: Advance Variation.} Ngf6 8. c3 {aiming for Qb3.} Bd6 9. Bg5 O-O 10. Nbd2 {[#] An uneventful encounter.  Weighted Error Value: White=0.06/Black=0.06} {Predecessor:} b5 $146 11. Bb3 c5 12. dxc5 Bxc5+ 13. Kh1 h6 14. Bh4 Be3 15. h3 Bh5 16. Qe1 Bf4 {0-1 (68) Wei,Y (2732)-Ding,L (2791) Chess.com INT 2020} 1/2-1/2